Practical Cryptography in Python (Record no. 11863)

MARC details
000 -LEADER
fixed length control field 00456nam a22001817a 4500
003 - CONTROL NUMBER IDENTIFIER
control field OSt
008 - FIXED-LENGTH DATA ELEMENTS--GENERAL INFORMATION
fixed length control field 230309b |||||||| |||| 00| 0 eng d
020 ## - INTERNATIONAL STANDARD BOOK NUMBER
International Standard Book Number 9781484276778
082 ## - DEWEY DECIMAL CLASSIFICATION NUMBER
Classification number 005.824 NIP
100 ## - MAIN ENTRY--PERSONAL NAME
Personal name NIELSON,Seth James
245 ## - TITLE STATEMENT
Title Practical Cryptography in Python
250 ## - EDITION STATEMENT
Edition statement 1st
260 ## - PUBLICATION, DISTRIBUTION, ETC. (IMPRINT)
Place of publication, distribution, etc New Delhi
Name of publisher, distributor, etc Apress
Date of publication, distribution, etc 2022
300 ## - PHYSICAL DESCRIPTION
Extent 371
650 ## - SUBJECT ADDED ENTRY--TOPICAL TERM
Topical term or geographic name as entry element Practical Cryptography in Python
700 ## - ADDED ENTRY--PERSONAL NAME
Personal name MONSON,Christopher K
942 ## - ADDED ENTRY ELEMENTS (KOHA)
Source of classification or shelving scheme Dewey Decimal Classification
Koha item type Text Books
Holdings
Withdrawn status Lost status Source of classification or shelving scheme Damaged status Not for loan Collection code Home library Current library Date acquired Source of acquisition Currency Cost, normal purchase price Bill Number Total Checkouts Full call number Acc. no. / Barcode Date last seen Actual Cost, discounted price Bill Date Koha item type Date last borrowed
    Dewey Decimal Classification     B.Tech(CSE) PIET C-LIBRARY PIET C-LIBRARY 23/02/2023 International Book Centre IN RUPEES 1499.00 IB/IN/223   005.824 NIP 34647 09/03/2023 1199.20 23/02/2023 Reference Books  
    Dewey Decimal Classification     B.Tech(CSE) PIET C-LIBRARY PIET C-LIBRARY 23/02/2023 International Book Centre IN RUPEES 1499.00 IB/IN/223 1 005.824 NIP 34648 13/05/2024 1199.20 23/02/2023 Text Books 09/05/2024

Design & Developed by: PIET Central Library
R70 Miles Stone Pattikalyana Samalkha Panipat 132102
mail ID :- [email protected], Phone No:- 0180-2569700 Ex.216